00365nam a2200121Ia 4500008004100000245006400041260002800105260000900133300000800142650002600150650001200176856005500188170516s9999 xx 000 0 und d aNeutron therapy: Radiation biology and treatment of cancers bJournal of Radiobiology c2014 a1:2 xRadiologic Technology xRadtech uhttp://nikanrescorp.com/index.php/JRB/issue/view/5